[Event "2015 Server Team Champ - Div 4, S54999"]
[Site "CCLA"]
[Date "2015.10.28"]
[Round "?"]
[White "Lyons, Gage W."]
[Black "Benson, Katie J."]
[Result "1/2-1/2"]
[WhiteElo "1205"]
[BlackElo "1199"]
[Board "6"]
[WhiteTeam "Pawntastics"]
[BlackTeam "Pennsylvania Pawn Pushers"]

1. d4 d5 2. Nc3 Nf6 3. Nf3 Nc6 4. Bf4 Bf5 5. e3 e6 6. Bd3 Bxd3 7. Qxd3 Bb4
8. Ne5 Nxe5 9. Bxe5 Bxc3+ 10. Qxc3 c6 11. Bxf6 Qxf6 12. O-O Qe7 13. Qa3 
Qxa3 14. bxa3 O-O 15. Rab1 f5 16. f4 b5 17. c3 a5 18. g3 a4 19. h4 h5 20. 
Rfc1 g6 21. Rb4 1/2-1/2

[Event "2015 Server Team Champ - Div 4, S54999"]
[Site "CCLA"]
[Date "2015.10.28"]
[Round "?"]
[White "Lyons, Gage W."]
[Black "Shaffer, Aaron"]
[Result "1-0"]
[WhiteElo "1205"]
[BlackElo "1151"]
[Board "6"]
[WhiteTeam "Pawntastics"]
[BlackTeam "Pennsylvania Duck Patrol"]

1. d4 d5 2. Nc3 Nf6 3. Nf3 Bf5 4. Bf4 Nc6 5. e3 e6 6. Ne5 Nxe5 7. Bxe5 Be7
8. Bd3 Bxd3 9. Qxd3 O-O 10. Bxf6 Bxf6 11. O-O e5 12. dxe5 Bxe5 13. Qxd5 
Qxd5 14. Nxd5 Bxb2 15. Nxc7 Bxa1 16. Nxa8 Rxa8 17. Rxa1 Kf8 18. Kf1 Ke8 
19. Ke1 Rd8 20. Rd1 Rxd1+ 21. Kxd1 Kd7 22. Kd2 Kd6 23. Kd3 Kd5 24. c4+ Kd6
25. e4 a6 26. Kd4 Kc6 27. a4 b5 28. cxb5+ axb5 29. axb5+ Kxb5 30. Kd5 Kb6 
31. Kd6 Kb5 32. Ke7 f6 33. f4 Kc5 34. e5 fxe5 35. fxe5 Kd5 36. e6 g5 37. 
Kd7 Ke4 38. e7 Ke3 39. e8=Q+ 1-0

[Event "2015 Server Team Champ - Div 4, S54999"]
[Site "CCLA"]
[Date "2015.10.28"]
[Round "?"]
[White "Benson, Katie J."]
[Black "Lyons, Gage W."]
[Result "1-0"]
[WhiteElo "1199"]
[BlackElo "1205"]
[Board "6"]
[WhiteTeam "Pennsylvania Pawn Pushers"]
[BlackTeam "Pawntastics"]

1. d4 d5 2. Nc3 Nf6 3. Nf3 Nc6 4. Bf4 Bf5 5. e3 e6 6. Bd3 Bxd3 7. Qxd3 Bb4
8. O-O O-O 9. Ne5 Nxe5 10. Bxe5 Bxc3 11. Bxf6 Qxf6 12. Qxc3 c6 13. Qd3 Qg6
14. Qxg6 fxg6 15. c3 b5 16. b4 a5 17. a3 axb4 18. axb4 Rxa1 19. Rxa1 g5 
20. Ra6 Rc8 21. g3 Kf7 22. f4 gxf4 23. gxf4 Kf6 24. Kg2 Kf5 25. Kf3 h6 26.
 h4 g5 27. hxg5 hxg5 28. fxg5 Rc7 29. Ra8 Kxg5 30. Rg8+ Kf5 31. Rf8+ Kg6 
32. Rg8+ Rg7 33. Rc8 Rf7+ 34. Kg4 Kf6 35. Rxc6 Rb7 36. Kf4 Rb8 37. e4 dxe4
38. Kxe4 Re8 39. Rc5 Rb8 40. d5 exd5+ 41. Rxd5 Ke7 42. Kd4 Rd8 43. Rxd8 
Kxd8 44. Kc5 Kc7 45. Kxb5 Kb7 46. c4 Kc7 47. c5 Kb7 48. c6+ Kc8 49. Ka6 
Kb8 50. b5 Ka8 51. b6 Kb8 52. b7 Kc7 53. Ka7 Kxc6 54. b8=Q 1-0

[Event "2015 Server Team Champ - Div 4, S54999"]
[Site "CCLA"]
[Date "2015.10.28"]
[Round "?"]
[White "Benson, Katie J."]
[Black "Shaffer, Aaron"]
[Result "1-0"]
[WhiteElo "1199"]
[BlackElo "1151"]
[Board "6"]
[WhiteTeam "Pennsylvania Pawn Pushers"]
[BlackTeam "Pennsylvania Duck Patrol"]

1. d4 d5 2. Nc3 Nf6 3. Nf3 Nc6 4. Bf4 Bf5 5. e3 e6 6. Bd3 Bd6 7. O-O Bxd3 
8. Qxd3 Bxf4 9. exf4 O-O 10. Ne5 Ne4 11. Nxe4 Nxe5 12. fxe5 dxe4 13. Qxe4 
Qd5 14. Qxd5 exd5 15. c3 c6 16. f4 b5 17. b4 a5 18. a3 a4 19. g4 f6 20. h4
fxe5 21. fxe5 Rxf1+ 22. Rxf1 Rf8 23. Rxf8+ Kxf8 24. Kf2 Kf7 25. Kf3 Ke6 
26. Kf4 g6 27. h5 gxh5 28. gxh5 Kf7 29. Kg5 Kg7 30. e6 Kg8 31. Kf6 Kf8 32.
 h6 Ke8 33. e7 Kd7 34. Kf7 Kc7 35. e8=Q 1-0

[Event "2015 Server Team Champ - Div 4, S54999"]
[Site "CCLA"]
[Date "2015.10.28"]
[Round "?"]
[White "Shaffer, Aaron"]
[Black "Lyons, Gage W."]
[Result "0-1"]
[WhiteElo "1151"]
[BlackElo "1205"]
[Board "6"]
[WhiteTeam "Pennsylvania Duck Patrol"]
[BlackTeam "Pawntastics"]

1. d4 d5 2. Nc3 Nf6 3. Nf3 Nc6 4. Bf4 Bf5 5. e3 e6 6. Bd3 Bb4 7. Bxf5 exf5
8. Ne5 Bxc3+ 9. bxc3 Nxe5 10. Bxe5 O-O 11. O-O c6 12. f4 Ne4 13. c4 f6 14.
 Bxf6 Qxf6 15. g3 g6 16. Kg2 b6 17. h4 h5 18. a4 a6 19. Qb1 Nd2 0-1

[Event "2015 Server Team Champ - Div 4, S54999"]
[Site "CCLA"]
[Date "2015.10.28"]
[Round "?"]
[White "Shaffer, Aaron"]
[Black "Benson, Katie J."]
[Result "1/2-1/2"]
[WhiteElo "1151"]
[BlackElo "1199"]
[Board "6"]
[WhiteTeam "Pennsylvania Duck Patrol"]
[BlackTeam "Pennsylvania Pawn Pushers"]

1. d4 d5 2. Nc3 Nf6 3. Nf3 Nc6 4. Bf4 Bf5 5. e3 e6 6. Bd3 Bd6 7. Bxd6 Qxd6
8. Ne5 O-O 9. Bxf5 exf5 10. Nxc6 Qxc6 11. O-O Ne4 12. Nxe4 fxe4 13. c3 f5 
14. f4 g6 15. g3 Qe6 16. h4 1/2-1/2

[Event "2015 Server Team Champ - Div 4, S54999"]
[Site "CCLA"]
[Date "2015.10.28"]
[Round "?"]
[White "Lines, Daniel"]
[Black "Fisher Jr., Arthur"]
[Result "1/2-1/2"]
[WhiteElo "1415"]
[BlackElo "1691"]
[Board "1"]
[WhiteTeam "Pennsylvania Duck Patrol"]
[BlackTeam "Norsemen"]

1. d4 d5 2. Nc3 Nf6 3. Nf3 Nc6 4. Bf4 a6 5. e3 Bg4 6. Be2 e6 7. h3 Bh5 8. 
O-O Be7 9. Ne5 Bxe2 10. Qxe2 O-O 11. Nxc6 bxc6 12. Be5 Bd6 13. Bxd6 cxd6 
14. b3 c5 15. dxc5 dxc5 16. a3 Ne4 17. Nxe4 dxe4 18. Rfd1 Qc7 19. Rd2 Rfd8
20. Rxd8+ Qxd8 21. Qd1 Qd5 22. Qxd5 exd5 23. Rd1 Rd8 24. c3 Kf8 25. c4 d4 
26. exd4 cxd4 27. b4 d3 28. b5 axb5 29. cxb5 Rd5 30. a4 Ke7 31. Kf1 Kd6 
32. Ke1 Kc5 33. Rc1+ Kb6 34. Rc4 f5 1/2-1/2

[Event "2015 Server Team Champ - Div 4, S54999"]
[Site "CCLA"]
[Date "2015.10.28"]
[Round "?"]
[White "Lines, Daniel"]
[Black "Smith, Jason A."]
[Result "0-1"]
[WhiteElo "1415"]
[BlackElo "1738"]
[Board "1"]
[WhiteTeam "Pennsylvania Duck Patrol"]
[BlackTeam "Pennsylvania Pawn Pushers"]

1. d4 d5 2. Nc3 Nf6 3. Nf3 Nc6 4. Bf4 Bf5 5. e3 e6 6. Bd3 Bxd3 7. Qxd3 Bb4
8. a3 Bxc3+ 9. Qxc3 Ne4 10. Qd3 O-O 11. O-O Ne7 12. Ng5 Nxg5 13. Bxg5 f6 
14. Bh4 Nf5 15. Bg3 Nxg3 16. fxg3 Qd6 17. c4 dxc4 18. Qxc4 c6 19. Qc5 Qxc5
20. dxc5 Rad8 21. Rfd1 Rd5 22. Rxd5 exd5 23. b4 Re8 24. Kf2 Re4 25. Rc1 
Kf7 26. Rb1 Rc4 27. Kf3 Rc3 28. Ra1 f5 29. Kf4 Kf6 30. h4 Rc2 31. Kf3 h6 
32. g4 fxg4+ 33. Kxg4 Rxg2+ 34. Kf3 Rc2 35. Kg3 g5 36. hxg5+ hxg5 37. Rf1+
Kg6 38. Ra1 Rc4 39. Rg1 Rc3 40. Kf3 Rxa3 41. Rg4 a5 42. bxa5 Rxa5 43. e4 
dxe4+ 0-1

[Event "Winter Series, S50051"]
[Site "CCLA"]
[Date "2015.01.28"]
[Round "?"]
[White "Shaffer, Aaron"]
[Black "Howard, Christopher"]
[Result "0-1"]
[WhiteElo "1551"]
[BlackElo "1520"]

1. d4 d5 2. Nc3 Nf6 3. Nf3 Bf5 4. Bf4 e6 5. e3 Bd6 6. Bd3 Bxf4 7. Bxf5 
Bxe3 8. fxe3 exf5 9. O-O Ne4 10. Nxe4 fxe4 11. Nd2 O-O 12. c3 f5 13. g3 
Nd7 14. Qb3 Nf6 15. Rxf5 b6 16. Raf1 g6 17. h3 gxf5 18. Rxf5 Qd6 19. Kg2 
c6 20. c4 Rad8 21. cxd5 cxd5 22. Qa3 Qxa3 23. bxa3 Rc8 0-1

[Event "2015 REGULAR QUAD, S50049"]
[Site "CCLA"]
[Date "2015.02.20"]
[Round "?"]
[White "Lyons, Brenda M."]
[Black "Taylor, Bobby C."]
[Result "0-1"]
[WhiteElo "1221"]
[BlackElo "1575"]

1. d4 Nf6 2. Nc3 d5 3. Nf3 c6 4. Bf4 Bf5 5. e3 e6 6. Bd3 Bxd3 7. cxd3 Nbd7
8. Bg5 Qb6 9. b3 Bb4 10. Qd2 O-O 11. Bxf6 Nxf6 12. a3 Qa5 13. Rc1 Qxa3 14.
 O-O Qxb3 15. Ne5 Bxc3 16. Qe2 c5 17. Rb1 Qa4 18. Qc2 Qxc2 19. Rbc1 Qb3 
20. Rb1 Qa3 21. Rfc1 cxd4 22. exd4 Rac8 23. Nf3 Bxd4 24. Rxc8 Rxc8 0-1

[Event "PREMIER QUAD, S50209"]
[Site "CCLA"]
[Date "2015.05.01"]
[Round "?"]
[White "Silverman, Robert"]
[Black "Pronovost, David"]
[Result "1/2-1/2"]
[WhiteElo "1888"]
[BlackElo "1865"]

1. e4 c6 2. d4 d5 3. Nc3 dxe4 4. f3 exf3 5. Nxf3 Nf6 6. Be2 Bg4 7. Ne5 
Bxe2 8. Nxe2 Nbd7 9. Bf4 Nxe5 10. Bxe5 e6 11. O-O Ng4 12. Bf4 Bd6 13. h3 
Bxf4 14. Rxf4 Nf6 15. c4 Qc7 16. Qd3 O-O-O 17. Rd1 Kb8 18. Rff1 e5 19. Qg3
Nh5 20. Qf3 g6 1/2-1/2

[Event "2015 NA Class D Ch Finals, S50469"]
[Site "CCLA"]
[Date "2016.02.18"]
[Round "?"]
[White "Stetson, Micah P."]
[Black "Gunning, Edward E."]
[Result "1-0"]
[WhiteElo "1474"]
[BlackElo "1403"]

1. d4 d5 2. Nc3 Nf6 3. Bg5 Nc6 4. Qd2 h6 5. Bxf6 gxf6 6. O-O-O Bf5 7. a3 
Bg7 8. f3 Qd7 9. e4 Be6 10. Bb5 f5 11. Nge2 fxe4 12. fxe4 O-O-O 13. h3 Bf6
14. h4 Rdg8 15. e5 Bg7 16. Nf4 f6 17. Bxc6 bxc6 18. Na4 Bf7 19. Nc5 Qf5 
20. e6 Bf8 21. exf7 Rg4 22. Nfe6 Re4 23. Qb4 Qxe6 24. Qb7+ Kd8 25. Nxe6+ 
Kd7 26. Nc5+ 1-0

[Event "Summer Series, S50341"]
[Site "CCLA"]
[Date "2015.07.25"]
[Round "?"]
[White "Stetson, Micah P."]
[Black "Leber, David"]
[Result "1-0"]
[WhiteElo "1403"]
[BlackElo "1311"]

1. d4 d5 2. Nc3 Nf6 3. Bg5 Qd6 4. f3 Bf5 5. Qd2 Nc6 6. O-O-O O-O-O 7. Nh3 
e6 8. Bxf6 gxf6 9. e4 Bg6 10. Nf4 Bh6 11. g3 Bf8 12. exd5 Bh6 13. dxc6 
Qxc6 14. Bg2 e5 15. Rhe1 exf4 16. d5 Qd6 17. Ne4 Bxe4 18. Rxe4 Rhg8 19. 
Bh3+ Kb8 20. Bf5 Rg5 21. g4 Rgg8 22. c4 Qa6 23. Kb1 Rg7 24. Qb4 Rd6 25. 
Re8+ 1-0

[Event "2015 REGULAR QUAD, S50389"]
[Site "CCLA"]
[Date "2015.09.16"]
[Round "?"]
[White "Howard, Christopher"]
[Black "Gunning, Edward E."]
[Result "1-0"]
[WhiteElo "1503"]
[BlackElo "1439"]

1. d4 d5 2. Nc3 Nf6 3. Bg5 Nbd7 4. f3 c6 5. e4 e5 6. dxe5 Nxe5 7. Qd4 Qd6 
8. exd5 Ned7 9. O-O-O c5 10. Re1+ Be7 11. Nb5 Qb6 12. Bxf6 cxd4 13. Bxe7 
a6 14. Bc5+ Kd8 15. Bxb6+ Nxb6 16. Nxd4 Re8 17. Rxe8+ Kxe8 18. c4 Bd7 19. 
Bd3 Rc8 20. Kd1 Na4 21. Kc2 b5 22. b3 bxc4 23. bxc4 Bb5 24. Nxb5 axb5 25. 
Kb3 Nc5+ 26. Kc3 b4+ 27. Kd4 Nxd3 28. Kxd3 Ra8 29. Ne2 Rxa2 30. Rb1 Ra3+ 
31. Kc2 Ra2+ 32. Rb2 1-0

[Event "2015 NA Class D Ch - Rd 1 Sect 1, S50111"]
[Site "CCLA"]
[Date "2015.04.27"]
[Round "?"]
[White "Stetson, Micah P."]
[Black "Willis, John W."]
[Result "1-0"]
[WhiteElo "1384"]
[BlackElo "1339"]

1. d4 Nf6 2. Nc3 d5 3. Bg5 Nbd7 4. f3 c6 5. e4 dxe4 6. fxe4 e5 7. dxe5 Qa5
8. Bxf6 gxf6 9. e6 fxe6 10. Qg4 Ne5 11. Qh5+ Ke7 12. Be2 Bd7 13. O-O-O Be8
14. Qh3 Bg6 15. Nf3 h5 16. Nd4 Bh6+ 17. Kb1 a6 18. Qxe6+ Kf8 19. Qxf6+ Kg8
20. Bc4+ Bf7 21. Bxf7+ Nxf7 22. Qg6+ Bg7 23. Ne6 Qe5 24. Rhf1 Re8 25. 
Qxf7+ Kh7 26. Qxg7+ Qxg7 27. Nxg7 Kxg7 28. Rd7+ Kg6 29. Rxb7 Re6 30. b4 
Rf6 31. Rxf6+ Kxf6 32. Rb6 Ke5 33. Rxa6 Rc8 34. Kb2 Rf8 35. Ra5+ Kd6 36. 
Rxh5 Rb8 37. b5 c5 38. Rd5+ Ke7 39. Rxc5 1-0

[Event "2015  Server Team - Div 3, S53999"]
[Site "CCLA"]
[Date "2015.10.30"]
[Round "?"]
[White "Stetson, Micah P."]
[Black "Ritzmann, Andrew M."]
[Result "1-0"]
[WhiteElo "1403"]
[BlackElo "1333"]
[Board "5"]
[WhiteTeam "Canadian Snowbirds"]
[BlackTeam "Knights of the Square Table"]

1. d4 Nf6 2. Nc3 d5 3. Bg5 Nbd7 4. f3 c6 5. e4 dxe4 6. fxe4 e5 7. dxe5 Qa5
8. Bxf6 gxf6 9. e6 fxe6 10. Qg4 Nb6 11. O-O-O Bd7 12. Qf4 O-O-O 13. Bd3 
Bb4 14. Qxf6 e5 15. Nge2 Rdf8 16. Qh4 Be6 17. Kb1 Na4 18. Nxa4 Qxa4 19. b3
Qa3 20. Bc4 Bxc4 21. bxc4 Bc5 22. Rd3 Qb4+ 23. Rb3 Qxc4 24. Qg4+ Kc7 25. 
Rd1 b5 26. Qg7+ Qf7 27. Qxe5+ Kb6 28. Nc3 a6 29. Na4+ Ka5 30. Nxc5 Kb6 31.
 Nd7+ Kb7 32. Nxf8 1-0

[Event "Winter Series, S50061"]
[Site "CCLA"]
[Date "2015.01.28"]
[Round "?"]
[White "Ritzmann, Andrew M."]
[Black "Cain, Larry F."]
[Result "0-1"]
[WhiteElo "1333"]
[BlackElo "1353"]

1. d4 d5 2. Nf3 Nd7 3. c4 c6 4. Nc3 e6 5. e4 Bb4 6. exd5 cxd5 7. cxd5 exd5
8. Bd2 Ngf6 9. Qb3 Qe7+ 10. Be2 O-O 11. Be3 a6 12. O-O b5 13. Nxd5 Nxd5 
14. Qxd5 Nb6 15. Qb3 Be6 16. Qd3 f6 17. Rfc1 Qd7 18. a3 Bd6 19. d5 Nxd5 
20. Bd4 Nf4 21. Qe4 Bd5 22. Qe3 Rfe8 23. Qd2 Nxe2+ 24. Kf1 Nxc1 25. Rxc1 
Bxf3 26. gxf3 Qh3+ 27. Kg1 Qxh2+ 28. Kf1 Qh1# 0-1

[Event "Winter Series, S50061"]
[Site "CCLA"]
[Date "2015.01.28"]
[Round "?"]
[White "Gunning, Edward E."]
[Black "Cain, Larry F."]
[Result "0-1"]
[WhiteElo "1439"]
[BlackElo "1353"]

1. d4 d5 2. Nf3 Nd7 3. Nc3 Ngf6 4. g3 e6 5. Bg2 Bb4 6. Bd2 h6 7. O-O a6 8.
 Ne5 O-O 9. a3 Bd6 10. e4 Nxe5 11. dxe5 Bxe5 12. Ra2 b5 13. exd5 exd5 14. 
Ne2 c6 15. Bc3 Bxc3 16. Nxc3 Rb8 17. Qd4 Bf5 18. Qc5 Bd7 19. b4 Qc8 20. f3
Re8 21. g4 Be6 22. Raa1 Qc7 23. Rae1 Nd7 24. Qe3 Bxg4 25. Qxe8+ Rxe8 26. 
Rxe8+ Kh7 27. fxg4 Nf6 28. Re2 Nxg4 29. Bh3 Nf6 30. Kh1 Qd8 31. Rg2 Qe7 
32. Rgf2 Qe3 33. Bf5+ Kg8 34. Rf3 Qe5 35. Nd1 Qe7 36. Rh3 Qe2 37. Rg1 Qe5 
38. Rxh6 Qxf5 39. h3 Qxc2 40. Rxf6 Qe4+ 41. Kh2 Qe5+ 42. Rg3 Qxf6 43. Rg4 
Qf1 44. Rg1 Qe2+ 45. Kg3 d4 46. h4 d3 47. Nf2 d2 48. h5 Qe1 49. Kg2 f5 50.
 Nd3 Qe2+ 51. Nf2 Qxh5 0-1

[Event "2015 REGULAR QUAD, S50279"]
[Site "CCLA"]
[Date "2015.07.03"]
[Round "?"]
[White "Rasmussen, Bruce A."]
[Black "Martindale, Roger"]
[Result "1-0"]
[WhiteElo "1373"]
[BlackElo "1174"]

1. d4 d5 2. Nf3 h6 3. e3 a6 4. Bd3 Nf6 5. b3 Nc6 6. Nbd2 e6 7. Bb2 Bd6 8. 
Ne5 O-O 9. f4 Be7 10. O-O b5 11. Rf3 Nxe5 12. fxe5 Ne4 13. Nxe4 dxe4 14. 
Bxe4 Ra7 15. Rg3 Bb7 16. Qg4 f5 17. Qxg7# 1-0

[Event "2015 REGULAR QUAD, S50049"]
[Site "CCLA"]
[Date "2015.02.20"]
[Round "?"]
[White "Lyons, Brenda M."]
[Black "Martindale, Roger"]
[Result "0-1"]
[WhiteElo "1221"]
[BlackElo "1174"]

1. d4 d5 2. Nf3 h6 3. Nc3 Nf6 4. Bf4 a6 5. e4 dxe4 6. Nd2 g5 7. Be3 e6 8. 
Bc4 b5 9. Be2 Nd5 10. Nxd5 exd5 11. O-O Bd6 12. h3 c6 13. c3 Nd7 14. Bg4 
Nf6 15. Bxc8 Qxc8 16. b4 O-O 17. Nb3 Nd7 18. a4 Nb6 19. a5 Nc4 20. Qe2 
Nxe3 21. Qxe3 f5 22. f3 f4 23. Qe2 e3 24. Rfe1 h5 25. Nc1 h4 26. Nd3 Ra7 
27. Nc5 Bxc5 28. bxc5 Qb7 29. Rab1 b4 30. Rxb4 Qc7 31. Reb1 Qxa5 32. Rb8 
Qc7 33. Rxf8+ Kxf8 34. Rb6 a5 35. Qc2 a4 36. Qg6 a3 37. Qf5+ Qf7 38. Qxf7+
Kxf7 39. Rb1 a2 40. Ra1 Rb7 41. Rxa2 Rb1+ 42. Kh2 Rd1 43. Re2 Rd2 44. Re1 
e2 45. g3 fxg3+ 46. Kg2 Kf6 47. Kg1 Kf5 48. Kg2 Kf4 49. c4 Ke3 50. cxd5 
Rd1 51. Rxe2+ Kxe2 52. dxc6 Rd2 53. c7 Ke3+ 54. Kf1 g2+ 55. Kg1 Kxf3 56. 
c8=Q Rd1+ 57. Kh2 g1=Q# 0-1

[Event "2015 REGULAR QUAD, S50279"]
[Site "CCLA"]
[Date "2015.07.03"]
[Round "?"]
[White "Rasmussen, Bruce A."]
[Black "Mann, Wallace"]
[Result "0-1"]
[WhiteElo "1373"]
[BlackElo "1532"]

1. d4 d5 2. Nf3 c6 3. e3 g6 4. Bd3 Bg7 5. c3 Nf6 6. Ne5 Nbd7 7. f4 Ne4 8. 
O-O Ndf6 9. h3 Nd6 10. g4 Nfe4 11. c4 f6 12. cxd5 fxe5 13. dxe5 Ng3 14. 
Rf3 Nde4 15. dxc6 O-O 16. Qa4 Nc5 17. Qc4+ Be6 18. Qxc5 Qxd3 19. Nc3 Ne4 
20. Qxe7 Rae8 21. Qxb7 Nxc3 22. bxc3 Qe4 23. Rf2 Bd5 24. Rh2 Rxf4 25. Bd2 
Rf3 26. Be1 Qxe3+ 27. Bf2 Rg3+ 28. Kf1 Bc4# 0-1

[Event "Winter Series, S50011"]
[Site "CCLA"]
[Date "2015.01.28"]
[Round "?"]
[White "Owens, Johnny"]
[Black "Deskin, Gary"]
[Result "1/2-1/2"]
[WhiteElo "2159"]
[BlackElo "2172"]

1. d4 c6 2. Nf3 d5 3. Bf4 Nf6 4. e3 Bg4 5. Nbd2 e6 6. c3 Bd6 7. h3 Bxf3 8.
 Nxf3 Bxf4 9. exf4 O-O 10. Bd3 Nbd7 11. O-O Qb6 12. Qd2 c5 13. Rac1 g6 14.
 Rfe1 a5 15. Bb1 a4 16. Re2 cxd4 17. cxd4 Nb8 18. Ne5 Nc6 19. Nxc6 bxc6 
20. Qe3 Nd7 21. h4 Rac8 22. Rec2 Rc7 23. g3 Nf6 24. Rd2 Rb8 25. Kg2 Rcb7 
26. Qe2 Qb4 27. a3 Qd6 28. Bd3 Rb6 29. Rc3 Qc7 30. Rdc2 Kg7 31. Qe1 h5 32.
 Qe2 Ng4 33. Rc5 Nf6 34. Qd2 Qb7 35. Qe2 Nd7 36. R5c3 Rxb2 37. Rxc6 Qxc6 
38. Rxb2 Rb3 39. Rxb3 axb3 40. Qb2 Qa4 41. Be2 Nb6 42. Bd1 Nc4 43. Qxb3 
Qxa3 44. Qxa3 1/2-1/2

[Event "2015 NA Class C Ch Finals, S50409"]
[Site "CCLA"]
[Date "2015.10.13"]
[Round "?"]
[White "McLaughlin, Ed"]
[Black "Haase, F. Philip"]
[Result "0-1"]
[WhiteElo "1493"]
[BlackElo "1773"]

1. d4 d5 2. e3 Bf5 3. Nf3 e6 4. c4 Nc6 5. a3 Nf6 6. Nc3 a6 7. Qb3 dxc4 8. 
Qxc4 Bd6 9. b4 O-O 10. Be2 e5 11. O-O e4 0-1

[Event "Winter Series, S50061"]
[Site "CCLA"]
[Date "2015.01.28"]
[Round "?"]
[White "Cain, Larry F."]
[Black "Perry, William E."]
[Result "1/2-1/2"]
[WhiteElo "1353"]
[BlackElo "1440"]

1. Nf3 d5 2. d4 Bf5 3. e3 e6 4. c3 Nf6 5. Nbd2 c5 6. Be2 Nc6 7. O-O cxd4 
8. cxd4 Bd6 9. a3 O-O 10. b4 Rc8 11. h3 e5 12. Bb2 exd4 13. exd4 Re8 14. 
Bb5 Bd7 15. Rc1 Ne4 16. Bd3 Nxd2 17. Qxd2 Qf6 18. b5 Ne7 19. a4 g6 20. 
Rxc8 Bxc8 21. Ne5 Nf5 22. Qf4 Qh4 23. Qxh4 Nxh4 24. Ng4 Be7 25. Re1 Bd7 
26. Ne3 Be6 27. Rc1 Bd6 28. Kh1 g5 29. Bc3 Rc8 30. Nd1 Nf5 31. Rb1 Ne7 32.
 Ba1 f5 1/2-1/2

[Event "2015 REGULAR QUAD, S50279"]
[Site "CCLA"]
[Date "2015.07.03"]
[Round "?"]
[White "Rasmussen, Bruce A."]
[Black "Haase, F. Philip"]
[Result "0-1"]
[WhiteElo "1373"]
[BlackElo "1813"]

1. d4 d5 2. Nf3 Bf5 3. e3 e6 4. Ne5 Bd6 5. g4 Be4 6. f3 Bg6 7. Nd2 Qh4+ 8.
 Ke2 Bxe5 9. dxe5 Nc6 10. e4 dxe4 11. h3 Nd4+ 12. Ke3 O-O-O 13. fxe4 f5 
14. Bc4 f4+ 15. Kxf4 Qf2+ 16. Kg5 h6+ 0-1

[Event "2015 REGULAR QUAD, S50059"]
[Site "CCLA"]
[Date "2015.02.23"]
[Round "?"]
[White "Lines, Daniel"]
[Black "Warren, Frank L."]
[Result "0-1"]
[WhiteElo "1415"]
[BlackElo "1375"]

1. d4 d5 2. Nf3 Bf5 3. Bf4 e6 4. Nc3 Bb4 5. e3 Nd7 6. Bb5 c6 7. Bd3 Bxc3+ 
8. bxc3 Qa5 9. Qd2 Bg4 10. Be2 Ngf6 11. h3 Ne4 12. Qd3 Bxf3 13. Bxf3 Nxc3 
14. Qd2 Qa3 15. O-O b5 16. Qc1 Qxc1 17. Rfxc1 a5 18. Re1 f5 19. Bd6 Nb6 
20. Bc7 Nc4 21. Bf4 b4 22. Be2 Nxe2+ 23. Kf1 Nxf4 24. exf4 Kd7 25. Kg1 
Rac8 26. Re2 c5 27. dxc5 Rxc5 28. Rb1 Na3 29. Rc1 Rhc8 30. c3 Rxc3 31. 
Rxc3 Rxc3 32. Kf1 Rc1+ 33. Re1 Rxe1+ 34. Kxe1 Nb1 35. g4 Nc3 36. gxf5 exf5
0-1

[Event "2015 NA Class C Ch - Rd 1 Sect 2, S50101"]
[Site "CCLA"]
[Date "2015.04.27"]
[Round "?"]
[White "Lines, Daniel"]
[Black "Haase, F. Philip"]
[Result "0-1"]
[WhiteElo "1419"]
[BlackElo "1773"]

1. d4 d5 2. Nf3 Bf5 3. Nc3 e6 4. Bf4 Bd6 5. Bxd6 Qxd6 6. e3 Nf6 7. Bd3 
Nbd7 8. Bxf5 exf5 9. O-O O-O 10. Qd3 Ne4 11. Ne2 Rac8 12. Nd2 Rfe8 13. Nf3
c5 14. dxc5 Ndxc5 15. Qa3 Rc6 16. Nfd4 Ra6 17. Qb4 Rb6 18. Qe1 Rxb2 19. 
Nc3 Qd7 20. Nxe4 fxe4 21. Qa5 b6 22. Qc3 Na4 23. Qd2 Rc8 24. Rfb1 Rc5 25. 
Rxb2 Nxb2 26. Nb3 Rc4 27. Rb1 Na4 28. Nd4 Nc3 29. Ra1 Qc7 30. a3 g6 31. 
Kh1 Qe5 32. Re1 Qe7 33. Ra1 h5 34. Kg1 Kg7 35. Ne2 Nxe2+ 36. Qxe2 Qc5 37. 
Ra2 d4 38. exd4 Qxd4 39. Qe3 Qd1+ 0-1

[Event "2015 NA Class C Ch - Rd 1 Sect 2, S50101"]
[Site "CCLA"]
[Date "2015.04.27"]
[Round "?"]
[White "Cangelosi, Dominic"]
[Black "Haase, F. Philip"]
[Result "0-1"]
[WhiteElo "1441"]
[BlackElo "1773"]

1. d4 d5 2. Nf3 Bf5 3. e3 e6 4. c4 Nc6 5. Nc3 Nb4 6. e4 dxe4 7. a3 Nc2+ 8.
 Qxc2 exf3 9. Qa4+ c6 10. gxf3 Qxd4 11. Be3 Qe5 12. Rd1 Nf6 13. Bg2 Qc7 
14. O-O Bd6 15. f4 O-O 16. Ne2 Bg4 17. f3 Bf5 18. Rd4 Bc5 19. Rfd1 e5 20. 
fxe5 Qxe5 0-1

[Event "2015 REGULAR QUAD, S50389"]
[Site "CCLA"]
[Date "2015.09.16"]
[Round "?"]
[White "Laaman, Thomas"]
[Black "Gunning, Edward E."]
[Result "1-0"]
[WhiteElo "1648"]
[BlackElo "1439"]

1. d4 d5 2. Nf3 Nc6 3. Bg5 Qd6 4. Nc3 g6 5. Qd2 Nf6 6. h3 Bf5 7. Bf4 Qb4 
8. Bxc7 Ne4 9. Nxe4 Bxe4 10. Qxb4 Nxb4 11. Kd2 Nxc2 12. Rc1 Rc8 13. Ba5 
Bg7 14. e3 O-O 15. Bc3 Rfe8 16. Rxc2 Bxc2 17. Kxc2 e5 18. Kd2 f6 19. Bb5 
Re7 20. Ba4 e4 21. Nh2 f5 22. Rc1 Rec7 23. Bb3 Rd7 24. Bb4 Rxc1 25. Kxc1 
Kf7 26. Nf1 Ke6 27. Nd2 h5 28. Nb1 b6 29. a4 f4 30. Nc3 Bh6 31. Nxe4 fxe3 
32. fxe3 Bxe3+ 33. Kc2 Bxd4 34. Bc3 Kf5 35. Ng3+ Ke5 36. Kd3 Bxc3 37. bxc3
h4 38. Nf1 Rf7 39. Ne3 Kf4 40. Nxd5+ Kg3 41. Ne3 Rf2 42. Bd5 Rf8 43. c4 
Rc8 44. Kd4 Rc5 45. Kc3 Kf2 46. Ng4+ Kg3 47. Nf6 Kf4 48. Ng8 Rc7 49. Kb4 
Kg5 50. Kc3 Rc5 51. Ne7 Ra5 52. Kb4 Rc5 53. Nc6 a5+ 54. Kc3 Kf6 55. Kd4 g5
56. Ke3 Kf5 57. Kf3 Kf6 58. Ke4 Kg6 59. Ke5 g4 60. Kf4 gxh3 61. gxh3 Kh5 
62. Kf5 Kh6 63. Kg4 Kg6 64. Kxh4 Kf5 65. Kh5 Kf4 66. h4 Ke3 67. Kg6 b5 68.
 axb5 a4 69. Nb4 Kd2 70. b6 Rc8 71. b7 Rb8 72. Na2 Kc2 73. c5 Kb2 74. c6 
Rd8 75. c7 Rd6+ 76. Kf7 Rxd5 77. b8=Q+ Kxa2 78. c8=Q 1-0

[Event "Winter Series, S50061"]
[Site "CCLA"]
[Date "2015.01.28"]
[Round "?"]
[White "Cain, Larry F."]
[Black "Lyons, Anthony W."]
[Result "1-0"]
[WhiteElo "1353"]
[BlackElo "1235"]

1. Nf3 d5 2. d4 Nc6 3. e3 Nf6 4. Bd3 Bg4 5. Nbd2 e6 6. Bb5 Qd7 7. b3 Bb4 
8. O-O Bxd2 9. Bxd2 a6 10. Be2 Ne4 11. Qe1 O-O 12. Bc1 Bxf3 13. Bxf3 f5 
14. Bb2 Rae8 15. Bxe4 fxe4 16. c3 Rf7 17. Qe2 e5 18. a3 Na5 19. Qd1 exd4 
20. cxd4 Re6 21. Bc3 Nc6 22. b4 b5 23. Rc1 Re8 24. Be1 Rff8 25. Qh5 Qf7 
26. Qh3 Qf5 27. Qxf5 Rxf5 28. Rxc6 Rff8 29. Rxc7 1-0

[Event "2015 REGULAR QUAD, S50059"]
[Site "CCLA"]
[Date "2015.02.23"]
[Round "?"]
[White "Shaffer, Aaron"]
[Black "Warren, Frank L."]
[Result "0-1"]
[WhiteElo "1151"]
[BlackElo "1375"]

1. d4 d5 2. Nf3 Nc6 3. Nc3 Qd6 4. h3 Bf5 5. Be3 Nb4 6. Rc1 a6 7. a3 Nc6 8.
 g3 h6 9. Bg2 g5 10. Ne5 e6 11. g4 Bh7 12. O-O Nge7 13. Nxc6 Qxc6 14. Nb1 
Bg6 15. c3 Nc8 16. Nd2 Qd7 17. b4 f6 18. f3 h5 19. a4 hxg4 20. fxg4 Be7 
21. c4 a5 22. b5 Na7 23. cxd5 exd5 24. Qb3 O-O-O 25. Nb1 Kb8 26. Nc3 Bf7 
27. Bxg5 fxg5 28. Rxf7 Qe6 29. Rcf1 Qe3+ 30. R7f2 Bb4 31. Nxd5 Qxb3 32. 
Nxb4 axb4 0-1

[Event "Winter Series, S50031"]
[Site "CCLA"]
[Date "2015.01.28"]
[Round "?"]
[White "Disque, Philip"]
[Black "Lines, Daniel"]
[Result "1-0"]
[WhiteElo "1603"]
[BlackElo "1419"]

1. Nf3 Nc6 2. d4 d5 3. Bf4 h6 4. e3 e6 5. Nbd2 Bd7 6. c3 a6 7. Bd3 f6 8. 
Bg6+ Ke7 9. Qb3 Be8 10. Bxe8 Qxe8 11. Bxc7 Qc8 12. Bg3 g5 13. O-O-O Kf7 
14. Kb1 Nge7 15. h3 Nf5 16. Bh2 Bd6 17. g4 Nfe7 18. Bxd6 Qd7 19. Bxe7 Qxe7
20. e4 1-0